Основы акушерства (Запись № 6431461)
[ простой вид ]
| 000 -МАРКЕР | |
|---|---|
| контрольное поле | 01820nam1a22003371i 4500 |
| 001 - ИДЕНТИФИКАТОР ЗАПИСИ | |
| контрольное поле | rc\2926553 |
| 005 - ИДЕНТИФИКАТОР ВЕРСИИ | |
| контрольное поле | 20240723211403.0 |
| 035 ## - ДРУГИЕ СИСТЕМНЫЕ НОМЕРА | |
| Идентификатор записи | (NLR Aleph) 007076326 |
| 100 ## - ДАННЫЕ ОБЩЕЙ ОБРАБОТКИ | |
| Данные общей обработки | 20110816d1933 |||y0rusy50 ca |
| 101 1# - ЯЗЫК РЕСУРСА | |
| Язык текста, звукозаписи и т.д. | русский |
| Язык оригинала | немецкий |
| 102 ## - СТРАНА ПУБЛИКАЦИИ ИЛИ ПРОИЗВОДСТВА | |
| Страна публикации | Российская Федерация |
| 105 ## - ПОЛЕ КОДИРОВАННЫХ ДАННЫХ: ТЕКСТОВЫЕ МАТЕРИАЛЫ, МОНОГРАФИЧЕСКИЕ | |
| Кодированные данные о монографическом текстовом документе | y z ||||| |
| 200 1# - ЗАГЛАВИЕ И СВЕДЕНИЯ ОБ ОТВЕТСТВЕННОСТИ | |
| Основное заглавие | Основы акушерства |
| Сведения, относящиеся к заглавию | Т. I-II |
| Первые сведения об ответственности | В. Штеккель |
| Последующие сведения об ответственности | Сост.: Г. Бессау (Лейпциг), М. Вальтхард (Цюрих), О. Хене (Грейфсвальд), Л. Зейц (Франкфурт н/М.), Б. Оттов (Берлин), О. Фон Франке (Бонн), В. Штеккель (Берлин), Р. Фон Яшке (Гиссен) |
| -- | Пер. с 3, доп. и испр. изд. под ред. В. С. Груздева, С. Б. Рафалькеса и И. И. Фейгеля |
| 210 ## - ПУБЛИКАЦИЯ, РАСПРОСТРАНЕНИЕ И ДР. | |
| Место издания, распространения и т.д. | Москва |
| -- | Ленинград |
| Имя издателя, распространителя и т. д. | Медгиз |
| Дата издания, распространения и т.д. | 1933 |
| Место изготовления | Москва |
| Имя изготовителя | 16 тип. треста "Полиграфкнига" |
| 300 ## - ОБЩИЕ ПРИМЕЧАНИЯ | |
| Текст примечания | На обороте тит. л.: "Lehrbuch der Geburtshilfe. Bearbeiten von prof. dr. G. Bessau (Leipzig), prof. dr. O. von Franqué (Bonn), prof. dr. O. Hoehne (Greifswald). Herausgegeben von prof. dr. W. Stoeckel, Direktor der Universitäts-frauenklinik in Berlin" |
| 700 #1 - ИМЯ ЛИЦА - ПЕРВИЧНАЯ ОТВЕТСТВЕННОСТЬ | |
| Начальный элемент ввода | Штекель |
| Часть имени, кроме начального элемента ввода | В. |
| Расширение инициалов личного имени | Вальтер |
| 702 #1 - ИМЯ ЛИЦА - ВТОРИЧНАЯ ОТВЕТСТВЕННОСТЬ | |
| Начальный элемент ввода | Бессау |
| Часть имени, кроме начального элемента ввода | Г. |
| Расширение инициалов личного имени | Георг |
| Код отношения | Составитель |
| 702 #1 - ИМЯ ЛИЦА - ВТОРИЧНАЯ ОТВЕТСТВЕННОСТЬ | |
| Начальный элемент ввода | Вальтхард |
| Часть имени, кроме начального элемента ввода | М. |
| Код отношения | Составитель |
| 702 #1 - ИМЯ ЛИЦА - ВТОРИЧНАЯ ОТВЕТСТВЕННОСТЬ | |
| Начальный элемент ввода | Хене |
| Часть имени, кроме начального элемента ввода | О. |
| Код отношения | Составитель |
| 702 #1 - ИМЯ ЛИЦА - ВТОРИЧНАЯ ОТВЕТСТВЕННОСТЬ | |
| Начальный элемент ввода | Зейц |
| Часть имени, кроме начального элемента ввода | Л. |
| Код отношения | Составитель |
| 702 #1 - ИМЯ ЛИЦА - ВТОРИЧНАЯ ОТВЕТСТВЕННОСТЬ | |
| Начальный элемент ввода | Оттов |
| Часть имени, кроме начального элемента ввода | Б. |
| Код отношения | Составитель |
| 702 #1 - ИМЯ ЛИЦА - ВТОРИЧНАЯ ОТВЕТСТВЕННОСТЬ | |
| Начальный элемент ввода | Фон Франке |
| Часть имени, кроме начального элемента ввода | О. |
| Код отношения | Составитель |
| 702 #1 - ИМЯ ЛИЦА - ВТОРИЧНАЯ ОТВЕТСТВЕННОСТЬ | |
| Начальный элемент ввода | Фон Яшке |
| Часть имени, кроме начального элемента ввода | Р. |
| Код отношения | Составитель |
| 702 #1 - ИМЯ ЛИЦА - ВТОРИЧНАЯ ОТВЕТСТВЕННОСТЬ | |
| Начальный элемент ввода | Груздев |
| Часть имени, кроме начального элемента ввода | В.С. |
| Код отношения | Редактор |
| 702 #1 - ИМЯ ЛИЦА - ВТОРИЧНАЯ ОТВЕТСТВЕННОСТЬ | |
| Начальный элемент ввода | Рафалькес |
| Часть имени, кроме начального элемента ввода | С.Б. |
| Код отношения | Редактор |
| 702 #1 - ИМЯ ЛИЦА - ВТОРИЧНАЯ ОТВЕТСТВЕННОСТЬ | |
| Начальный элемент ввода | Фейгель |
| Часть имени, кроме начального элемента ввода | И.И. |
| Код отношения | Редактор |
| 801 #0 - ИСТОЧНИК ЗАПИСИ | |
| Страна | Российская Федерация |
| Организация | NLR |
| Правила каталогизации | psbo |
| 801 #1 - ИСТОЧНИК ЗАПИСИ | |
| Страна | Российская Федерация |
| Организация | ELAR |
| Источник данных | rusmarc |
| 852 ## - МЕСТОНАХОЖДЕНИЕ И ШИФР ХРАНЕНИЯ | |
| Идентификатор организации | NLR |
| Шифр хранения (Call Number) | 33-18/724 |
| 942 ## - ДОПОЛНИТЕЛЬНЫЕ ЭЛЕМЕНТЫ ЗАПИСИ (АБИС) | |
| Тип экземпляра АБИС | Книга |
Нет доступных экземпляров.